Central Library OPAC University of Rajshahi
Normal view MARC view

Entry Topical Term

Number of records used in: 11

001 - CONTROL NUMBER

  • control field: 4172

003 - CONTROL NUMBER IDENTIFIER

  • control field: BD-RjUL

005 - DATE AND TIME OF LATEST TRANSACTION

  • control field: 20220728111915.0

008 - FIXED-LENGTH DATA ELEMENTS

  • fixed length control field: 220728|| aca||aabn | a|a d

040 ## - CATALOGING SOURCE

  • Original cataloging agency: BD-RjUL
  • Transcribing agency: BD-RjUL

150 ## - HEADING--TOPICAL TERM

  • Topical term or geographic name entry element: Urdu Fiction

670 ## - SOURCE DATA FOUND

  • Source citation: Work cat.: (BD-RjUL)80135: خان, نذير أحمد [ Khan, Nazir Ahmad ] 1836-1912 4171, المحصنات يعني فسانه مبتلا ;; [almuhsanat yaeni fasaanuh mubtalan] /, 1960